<?xml version="1.0" encoding="UTF-8"?>
<record
    xmlns:xsi="http://www.w3.org/2001/XMLSchema-instance"
    xsi:schemaLocation="http://www.loc.gov/MARC21/slim http://www.loc.gov/standards/marcxml/schema/MARC21slim.xsd"
    xmlns="http://www.loc.gov/MARC21/slim">

  <leader>00806nam a2200217 a 4500</leader>
  <controlfield tag="001">BRCA_2824</controlfield>
  <controlfield tag="005">20190320204003.0</controlfield>
  <controlfield tag="008">091208s1947----sp-a---###---#000-0#spa-u</controlfield>
  <datafield tag="050" ind1=" " ind2="4">
    <subfield code="a">NA5060</subfield>
    <subfield code="b">.U73 1947</subfield>
  </datafield>
  <datafield tag="100" ind1="1" ind2=" ">
    <subfield code="a">Uranga Galdiano, Jos&#xE9; E.</subfield>
    <subfield code="9">7922</subfield>
  </datafield>
  <datafield tag="245" ind1="1" ind2="0">
    <subfield code="a">Retablos navarros del Renacimiento</subfield>
    <subfield code="c">Jos&#xE9; E. Uranga Galdiano ; presentaci&#xF3;n por Manuel Gomez-Moreno.</subfield>
  </datafield>
  <datafield tag="260" ind1=" " ind2=" ">
    <subfield code="a">Pamplona, Espa&#xF1;a</subfield>
    <subfield code="b">Diputaci&#xF3;n Foral de Navarra, Consejo Superior de Investigaciones Cient&#xED;ficas, Instituci&#xF3;n Principe de Viana</subfield>
    <subfield code="c">1947</subfield>
  </datafield>
  <datafield tag="300" ind1=" " ind2=" ">
    <subfield code="a">53 p.</subfield>
    <subfield code="b">il.</subfield>
    <subfield code="c">28 cm.</subfield>
  </datafield>
  <datafield tag="500" ind1=" " ind2=" ">
    <subfield code="a">Incluye ap&#xE9;ndice e &#xED;ndice onom&#xE1;stico y geogr&#xE1;fico.</subfield>
  </datafield>
  <datafield tag="500" ind1=" " ind2=" ">
    <subfield code="a">AA115</subfield>
  </datafield>
  <datafield tag="650" ind1="1" ind2="4">
    <subfield code="a">Retablos</subfield>
    <subfield code="9">7923</subfield>
  </datafield>
  <datafield tag="650" ind1="1" ind2="4">
    <subfield code="a">Escultura</subfield>
    <subfield code="x">Historia</subfield>
    <subfield code="9">3347</subfield>
  </datafield>
  <datafield tag="650" ind1="1" ind2="4">
    <subfield code="a">Escultura</subfield>
    <subfield code="z">Navarra (Provincia)</subfield>
    <subfield code="9">7924</subfield>
  </datafield>
  <datafield tag="902" ind1=" " ind2=" ">
    <subfield code="a">GFM</subfield>
  </datafield>
  <datafield tag="942" ind1=" " ind2=" ">
    <subfield code="2">lcc</subfield>
    <subfield code="c">B</subfield>
  </datafield>
  <datafield tag="999" ind1=" " ind2=" ">
    <subfield code="c">2564</subfield>
    <subfield code="d">2564</subfield>
  </datafield>
  <datafield tag="952" ind1=" " ind2=" ">
    <subfield code="0">0</subfield>
    <subfield code="1">0</subfield>
    <subfield code="4">0</subfield>
    <subfield code="7">0</subfield>
    <subfield code="a">BRCA</subfield>
    <subfield code="b">BRCA</subfield>
    <subfield code="d">2008-12-09</subfield>
    <subfield code="i">AA115</subfield>
    <subfield code="l">0</subfield>
    <subfield code="o">NA5060 .U73 1947 (AA115)</subfield>
    <subfield code="p">2821</subfield>
    <subfield code="r">2019-03-22 00:00:00</subfield>
    <subfield code="w">2019-03-22</subfield>
    <subfield code="y">B</subfield>
  </datafield>
</record>
